000
00337nam a22001457a 4500
008
221122b ||||| |||| 00| 0 eng d
020
_a
9781259293863
041
_a
eng
080
_2
second edition
_a
579
082
_a
579OBE
100
_a
13.2
101
_a
MICRO
245
_a
MICROBIOLOGY FUNDAMENTALS
_c
OBENAUF S
942
_2
udc
_c
BK
999
_c
58995
_d
58995